Voces del pensamiento ambiental (Registro nro. 17717)

Detalles MARC
000 -LDR (LÍDER)
Campo de control de longitud fija 01543nam a2200409 a 4500
001 - NÚMERO DE CONTROL
control field 991002759429707486
003 - IDENTIFICADOR DEL NÚMERO DE CONTROL
Campo de control CO-PeBPR
005 - FECHA Y HORA DE LA ÚLTIMA TRANSACCIÓN
Campo de control 20260417110219.0
007 - DESCRIPCIÓN FÍSICA CAMPO FIJO--INFORMACIÓN GENERAL
Campo de control de longitud fija t
008 - ELEMENTOS DE DATOS DE LONGITUD FIJA--INFORMACIÓN GENERAL
Campo de control de longitud fija 170411s2016 ck a g 000 0dspa d
020 ## - Código Internacional normalizado para libros
Código Internacional normalizado para libros 9789587758115
040 0# - FUENTE DE CATALOGACIÓN
Agencia catalogadora original CO-PeBPR
Idioma de la agencia catalogadora spa
Agencia que transcribe CO-PeBPR
Norma para la descripción rda
041 0# - Código del Idioma
Código idioma del recurso original spa
082 04 - NÚMERO DE CLASIFICACIÓN DECIMAL DEWEY
Número de clasificación 333.715 N778v
245 10 - MENCIÓN DE TÍTULO
Título propiamente dicho Voces del pensamiento ambiental
Subtítulo o título paralelo : tensiones críticas entre desarrollo y abya yala
Mención de responsabilidad / Jaime Alberto Pineda Muñoz [y otros cuatro] ; Editado por Ana Patricia Noguera de Echeverry
264 ## - Área de la Producción Publicación, Distribución, Manufactura, etc.
Lugar de publicación, distribución, etc. Bogotá, Colombia
Nombre de la editorial, distribuidor, etc. : Universidad Nacional de Colombia
Fecha de publicación, distribución, etc. , 2016
300 ## - DESCRIPCIÓN FÍSICA
Extensión 252 páginas
Otros detalles físicos : ilustraciones a color
Dimensiones ; 24 centímetros
336 ## - Tipo de Contenido
Tipo de contenido text
Código de tipo de contenido txt
Fuente rdacontenido
337 ## - Tipo de Medio
Tipo de Medio unmediated
Código de tipo de medio n
Fuente rdamedia
338 ## - Tipo de Soporte
Tipo de soporte volume
Código de tipo de soporte nc
Fuente rdacarrier
490 1# - MENCIÓN DE SERIE
Título de la serie Colección ciencias de gestión
500 ## - NOTA GENERAL
Nota general Incluye índice.
504 ## - NOTA DE BIBLIOGRAFIA, ETC.
Nota de bibliografía Incluye bibliografía.
650 14 - ASIENTO SECUNDARIO DE MATERIA - TÉRMINO TEMÁTICO
Fuente del encabezado o término LEMB
Encabezamiento temático Desarrollo económico colombiano
Subdivisión general Aspectos ambientales
650 14 - ASIENTO SECUNDARIO DE MATERIA - TÉRMINO TEMÁTICO
Encabezamiento temático Responsabilidad ambiental colombiana.
Fuente del encabezado o término LEMB
700 1# - ASIENTO SECUNDARIO - NOMBRE PERSONAL
Nombre personal Noguera de Echeverri, Ana Patricia
Fechas asociadas al nombre 1952-
Término de relación, rol en la obra editora
700 1# - ASIENTO SECUNDARIO - NOMBRE PERSONAL
Nombre personal Pineda Muñoz, Jaime Alberto,
Fechas asociadas al nombre 1980-
Término de relación, rol en la obra autor
700 1# - ASIENTO SECUNDARIO - NOMBRE PERSONAL
Nombre personal Soto Torres, Giovannie
Término de relación, rol en la obra autor
700 1# - ASIENTO SECUNDARIO - NOMBRE PERSONAL
Nombre personal Chacón Ramírez, Carlos Alberto
Término de relación, rol en la obra autor
700 1# - ASIENTO SECUNDARIO - NOMBRE PERSONAL
Nombre personal Arias Pineda, Andrés
Término de relación, rol en la obra autor
700 1# - ASIENTO SECUNDARIO - NOMBRE PERSONAL
Nombre personal López, Samuel
Término de relación, rol en la obra autor
700 1# - ASIENTO SECUNDARIO - NOMBRE PERSONAL
Nombre personal Noguera de Echeverry, Ana Patricia
Término de relación, rol en la obra editora
830 1# - SERIES ADDED ENTRY--UNIFORM TITLE
Uniform title Ciencias de gestión
942 ## - ENTRADA DE ELEMENTOS AGREGADOS (KOHA
Fuente de clasificación o esquema de estantería. Dewey Decimal Classification
Tipo de ítem Libro
949 ## - LOCAL PROCESSING INFORMATION (OCLC)
a c
b c
960 ## - PHYSICAL LOCATION (RLIN)
Physical location, PLOC (RLIN) Normalizados-2025
Existencias
Estado de pérdida Fuente del sistema de clasificación o colocación Estado de daño No disponible para préstamo Colección Biblioteca de origen Biblioteca actual Ubicación en estantería Signatura topográfica completa Ejemplar Código de barras Tipo de ítem Fecha de adquisición Fuente de adquisición Total de pagos Fecha de la última vez visto
  Dewey Decimal Classification     General Biblioteca Pública Departamental Comfamiliar Risaralda Biblioteca Pública Departamental Comfamiliar Risaralda Área General 333.715 N778v Ej.1 RIBPD15433 Libro 17/04/2026 Dotación MinCultura y BNC   17/04/2026